Least Populated Countries - Statistics

General Stats
  • This quiz has been taken 6 times
  • The average score is 18 of 20
Answer Stats
Population Country % Correct
287,375 (2024) Antigua and Barbuda
100%
184,100 (2024) Dominica
100%
587,259 (2024) Grenada
100%
81,583 (2024) Liechtenstein
100%
883,483 (2024) Luxembourg
100%
17,763 (2024) Nauru
100%
132,825 (2024) Saint Kitts and Nevis
100%
391,232 (2024) Saint Vincent and the Grenadines
100%
531,690 (2024) Samoa
100%
727,145 (2024) Tonga
100%
11,312 (2024) Tuvalu
100%
510 (2024) Vatican City
100%
225,695 (2024) Andorra
83%
337,025 (2024) Federated States of Micronesia
83%
71,750 (2024) Monaco
83%
39,242 (2024) Palau
83%
53,544 (2024) San Marino
83%
326,031 (2024) Seychelles
83%
821,625 (2024) Kiribati
67%
119,857 (2024) Marshall Islands
67%
No matching quizzes found
Score Distribution
Percent of People with Each Score
Percentile by Number Answered
Your Score History
You have not taken this quiz